00839nam a22002057a 4500999001700000003000900017008004100026040007100067082002500138110002700163245004400190260004100234300002300275505014600298650003300444650002800477942001600505945000800521952010400529  c11633d11633AR-CdUCM190404b           ||||| |||| 00| 0 spa d  aMUNICIPALIDAD PROVINCIAL DEL CUSCOcBIBLIOTECA MUNICIPAL DEL CUSCO  aES / 030.919 /bES84  aTimun mas, s.a.928330  aEl espacio :bEnciclopedia en colores /  aBarcelona :bTimun mas, s.a.,c1963.  a93 paginasc33 cm.  aContenido :El nacimiento de la materia -- La atracción universal -- El cielo -- La vía láctea y nuestra galaxia -- El sistema solar ...  aGeografía del mundo929092  aCiencias ocultas914339  2ddccLIBROS  arum  002ddc4070aSIbSIcCHILDd2019-04-04g60.00oES / 030.919 / ES84pSI00001261r2019-04-04yLIBROS